| 000 | 00591nam a2200205 a 4500 | ||
|---|---|---|---|
| 005 | 20220924063635.0 | ||
| 008 | 991125s1973 es 000 0 spa u | ||
| 020 | _a8416002332 | ||
| 035 | _aUPN01000036808 | ||
| 049 | _aCG | ||
| 050 | 4 |
_aLB1028.5 _bC7.4 |
|
| 100 | 1 | _aCram, David | |
| 245 | 1 | 0 |
_aMáquinas de enseñar y programación escolar / _cDavid Cram ; tr. Daniel Vidal. |
| 260 |
_aMadrid : _bMarova, _c1973. |
||
| 300 | _a102 p. | ||
| 440 | 0 |
_aBiblioteca del educador ; _v12 |
|
| 650 | 7 |
_aEnseñanza programada _2 _92238 |
|
| 650 | 4 |
_aAPARATOS AUDIOVISUALES _9230 |
|
| 905 | _aLibro | ||
| 999 |
_c36808 _d36808 |
||